Latino language and communicative behavior
Сохранить в:
| Главный автор: | |
|---|---|
| Формат: | |
| Язык: | английский |
| Опубликовано: |
Nueva York
Ablex
1981
|
| Серии: | Advances in Discourses Processes, 6
|
| Предметы: | |
| Метки: |
Добавить метку
Нет меток, Требуется 1-ая метка записи!
|
MARC
| LEADER | 00000nam a2200000 a 4500 | ||
|---|---|---|---|
| 001 | UCH0431 | ||
| 003 | CL-VaPUC | ||
| 008 | 090312e19810000US |||||||||||||||||eng|d | ||
| 020 | |a 0893910384 | ||
| 082 | 0 | 4 | |a 306.44 |b DUR |2 21 |
| 100 | 0 | |a Durán, Richard P |e author |9 534621 | |
| 245 | 1 | 0 | |a Latino language and communicative behavior |
| 300 | |a pág. irreg | ||
| 942 | |c BK | ||
| 945 | |d 20090312 00:00:00 |a rbrito | ||
| 260 | |a Nueva York |b Ablex |c 1981 | ||
| 650 | 0 | |a Sociolingüística |9 263716 | |
| 583 | |a last modification |c 20130320 01:08:35 |k Rodrigo Vera | ||
| 490 | 0 | |a Advances in Discourses Processes, 6 | |
| 999 | |c 332753 |d 332751 | ||
| 952 | |0 0 |1 0 |4 0 |6 306_440000000000000_DUR_1981 |7 0 |8 A |9 420652 |a FDOPOS |b FDOPOS |d 2019-11-22 |i 4516583 |o 306.44 DUR 1981 |p 4516583 |r 2025-01-22 |w 2019-11-22 |y BK |k MLA | ||